[Event "Greek Team Championship"]
[Site "chess24.com"]
[Date "2017.07.05"]
[Round "4"]
[White "Moutzouris, Iason"]
[Black "Panagiotakos, Nikolaos"]
[Result "0-1"]
[Board "4"]
[WhiteElo "1818"]
[WhiteCountry "GRE"]
[WhiteFideId "4219740"]
[WhiteEloChange "-3"]
[BlackElo "2115"]
[BlackCountry "GRE"]
[BlackFideId "4213246"]
[BlackEloChange "3"]

1. e4 {[%clk 1:30:10]} c5 {[%clk 1:30:41]} 2. Nf3 {[%clk 1:30:30]} e6 {[%clk
1:30:48]} 3. d4 {[%clk 1:30:57]} cxd4 {[%clk 1:31:11]} 4. Nxd4 {[%clk 1:31:23]}
Nf6 {[%clk 1:31:34]} 5. Bd3 {[%clk 1:31:22]} Nc6 {[%clk 1:31:42]} 6. Nxc6 {[%clk
1:26:13]} bxc6 {[%clk 1:32:06]} 7. c4 {[%clk 1:26:34]} d5 {[%clk 1:29:57]} 8.
exd5 {[%clk 1:25:28]} cxd5 {[%clk 1:28:56]} 9. O-O {[%clk 1:24:52]} Be7 {[%clk
1:26:27]} 10. Nc3 {[%clk 1:23:57]} O-O {[%clk 1:25:39]} 11. Bg5 {[%clk 1:17:45]}
Bb7 {[%clk 1:18:44]} 12. cxd5 {[%clk 1:12:28]} exd5 {[%clk 1:16:36]} 13. Re1
{[%clk 1:02:06]} d4 {[%clk 1:11:20]} 14. Bxf6 {[%clk 0:58:36]} Bxf6 {[%clk
1:11:40]} 15. Ne4 {[%clk 0:58:32]} Be7 {[%clk 1:02:29]} 16. Rc1 {[%clk 0:54:22]}
Rc8 {[%clk 0:58:37]} 17. Qh5 {[%clk 0:47:31]} f5 {[%clk 0:52:34]} 18. Rxc8 {[%clk
0:44:10]} Bxc8 {[%clk 0:51:27]} 19. Bc4+ {[%clk 0:42:22]} Kh8 {[%clk 0:51:43]}
20. Nd2 {[%clk 0:38:47]} Bb4 {[%clk 0:50:47]} 21. Qe2 {[%clk 0:37:52]} d3 {[%clk
0:21:27]} 22. Bxd3 {[%clk 0:33:13]} Bb7 {[%clk 0:21:50]} 23. Rd1 {[%clk 0:23:43]}
Re8 {[%clk 0:22:10]} 24. Qf1 {[%clk 0:22:31]} Bxg2 {[%clk 0:20:32]} 25. Kxg2
{[%clk 0:14:42]} Bxd2 {[%clk 0:20:53]} 26. Bc4 {[%clk 0:04:04]} Qd4 {[%clk
0:13:47]} 27. Kh1 {[%clk 0:02:35]} Qf4 {[%clk 0:05:39]} 28. Qd3 {[%clk 0:01:50]}
Qxf2 {[%clk 0:05:52]} 29. Qxd2 {[%clk 0:02:16]} Qf3+ {[%clk 0:06:18]} 30. Kg1
{[%clk 0:02:39]} Qg4+ {[%clk 0:06:45]} 31. Kh1 {[%clk 0:01:01]} Qxc4 {[%clk
0:06:57]} 32. Re1 {[%clk 0:01:20]} Rxe1+ {[%clk 0:02:17]} 33. Qxe1 {[%clk
0:01:49]} Qd5+ {[%clk 0:02:12]} 34. Kg1 {[%clk 0:02:15]} Qd4+ {[%clk 0:02:17]}
35. Kh1 {[%clk 0:01:54]} Qd5+ {[%clk 0:02:03]} 36. Kg1 {[%clk 0:02:19]} Qxa2
{[%clk 0:01:40]} 37. Qe8+ {[%clk 0:02:31]} Qg8 {[%clk 0:02:04]} 38. Qe5 {[%clk
0:02:45]} Qc8 {[%clk 0:02:01]} 39. Kf2 {[%clk 0:00:59]} Qc2+ {[%clk 0:01:17]} 40.
Kg3 {[%clk 0:30:51]} Qd3+ {[%clk 0:31:17]} 41. Kf2 {[%clk 0:31:07]} h6 {[%clk
0:28:09]} 42. Qb8+ {[%clk 0:25:41]} Kh7 {[%clk 0:28:35]} 43. Qxa7 {[%clk
0:25:56]} Qc2+ {[%clk 0:28:59]} 44. Kg3 {[%clk 0:25:47]} Qb3+ {[%clk 0:28:57]}
45. Kf4 {[%clk 0:25:01]} Qxb2 {[%clk 0:29:04]} 46. Kxf5 {[%clk 0:22:37]} Qxh2
{[%clk 0:29:09]} 47. Qe7 {[%clk 0:21:51]} Qh5+ {[%clk 0:28:59]} 48. Kf4 {[%clk
0:22:15]} Qg6 {[%clk 0:28:18]} 49. Qe2 {[%clk 0:21:44]} Qg5+ {[%clk 0:28:42]} 0-1

[Event "Greek Team Championship"]
[Site "chess24.com"]
[Date "2017.07.05"]
[Round "4"]
[White "Goczo, Melinda"]
[Black "Makropoulou, Marina"]
[Result "0-1"]
[Board "5"]
[WhiteElo "2189"]
[WhiteTitle "WIM"]
[WhiteCountry "HUN"]
[WhiteFideId "711985"]
[WhiteEloChange "-12"]
[BlackElo "2136"]
[BlackTitle "WGM"]
[BlackCountry "GRE"]
[BlackFideId "4200187"]
[BlackEloChange "12"]

1. d4 {[%clk 1:30:57]} Nf6 {[%clk 1:28:54]} 2. c4 {[%clk 1:30:56]} e6 {[%clk
1:29:14]} 3. g3 {[%clk 1:31:20]} Bb4+ {[%clk 1:25:37]} 4. Bd2 {[%clk 1:31:43]} a5
{[%clk 1:24:49]} 5. Bg2 {[%clk 1:31:54]} O-O {[%clk 1:25:01]} 6. Nf3 {[%clk
1:21:41]} d5 {[%clk 1:15:57]} 7. Qc2 {[%clk 1:14:25]} b6 {[%clk 0:44:44]} 8. cxd5
{[%clk 0:50:26]} exd5 {[%clk 0:44:52]} 9. O-O {[%clk 0:48:43]} Bd6 {[%clk
0:39:04]} 10. Nc3 {[%clk 0:42:19]} c6 {[%clk 0:37:12]} 11. Rfe1 {[%clk 0:34:49]}
Nbd7 {[%clk 0:36:24]} 12. e4 {[%clk 0:33:06]} dxe4 {[%clk 0:35:57]} 13. Ng5
{[%clk 0:28:27]} Bb7 {[%clk 0:32:12]} 14. Ncxe4 {[%clk 0:27:00]} Be7 {[%clk
0:31:59]} 15. h4 {[%clk 0:12:45]} h6 {[%clk 0:30:32]} 16. Nxf6+ {[%clk 0:08:32]}
Nxf6 {[%clk 0:30:50]} 17. Nf3 {[%clk 0:08:50]} c5 {[%clk 0:28:04]} 18. dxc5
{[%clk 0:07:43]} Rc8 {[%clk 0:21:51]} 19. Bc3 {[%clk 0:05:39]} Rxc5 {[%clk
0:21:14]} 20. Qe2 {[%clk 0:05:05]} Ne4 {[%clk 0:09:27]} 21. Bd4 {[%clk 0:04:59]}
Qc7 {[%clk 0:07:47]} 22. Bxc5 {[%clk 0:02:00]} Bxc5 {[%clk 0:08:11]} 23. Nd4
{[%clk 0:00:36]} Bxd4 {[%clk 0:06:26]} 24. Bxe4 {[%clk 0:01:00]} Qxg3+ {[%clk
0:06:44]} 25. Kf1 {[%clk 0:01:27]} Qh3+ {[%clk 0:06:27]} 26. Kg1 {[%clk 0:01:52]}
Re8 {[%clk 0:04:24]} 27. Bxb7 {[%clk 0:01:06]} Rxe2 {[%clk 0:04:10]} 28. Rxe2
{[%clk 0:01:32]} Qxh4 {[%clk 0:03:13]} 29. Kf1 {[%clk 0:00:43]} Qf6 {[%clk
0:02:48]} 30. Rd1 {[%clk 0:00:42]} h5 {[%clk 0:01:58]} 31. b3 {[%clk 0:00:34]} g6
{[%clk 0:01:18]} 32. Rd3 {[%clk 0:00:49]} Be5 {[%clk 0:00:51]} 33. Rd7 {[%clk
0:00:42]} Qf5 {[%clk 0:00:50]} 34. Red2 {[%clk 0:00:33]} Bf4 {[%clk 0:00:40]} 35.
R2d3 {[%clk 0:00:35]} Kg7 {[%clk 0:00:34]} 36. Bc8 {[%clk 0:00:32]} Kh6 {[%clk
0:00:51]} 37. Ba6 {[%clk 0:00:44]} Be5 {[%clk 0:01:06]} 38. Bc4 {[%clk 0:01:04]}
f6 {[%clk 0:01:24]} 39. Rb7 {[%clk 0:00:32]} Qf4 {[%clk 0:01:21]} 40. Rbd7 {[%clk
0:30:31]} h4 {[%clk 0:30:45]} 41. Be6 {[%clk 0:23:22]} Qc1+ {[%clk 0:30:21]} 42.
Rd1 {[%clk 0:16:46]} Qc6 {[%clk 0:29:46]} 43. Bg8 {[%clk 0:16:51]} h3 {[%clk
0:23:31]} 44. Rh7+ {[%clk 0:04:49]} Kg5 {[%clk 0:23:56]} 45. Bd5 {[%clk 0:04:03]}
Qc2 {[%clk 0:23:42]} 46. Bf3 {[%clk 0:04:14]} h2 {[%clk 0:22:54]} 47. Kg2 {[%clk
0:04:02]} Qxa2 {[%clk 0:21:27]} 48. Rdd7 {[%clk 0:02:33]} Qxb3 {[%clk 0:16:10]}
49. Rdg7 {[%clk 0:02:58]} f5 {[%clk 0:14:21]} 50. Rd7 {[%clk 0:03:01]} a4 {[%clk
0:13:03]} 51. Rd1 {[%clk 0:02:04]} a3 {[%clk 0:12:24]} 52. Re7 {[%clk 0:01:48]}
a2 {[%clk 0:09:59]} 53. Rxe5 {[%clk 0:01:41]} Qxd1 {[%clk 0:10:15]} 54. Bxd1
{[%clk 0:01:59]} a1Q {[%clk 0:10:38]} 55. Re1 {[%clk 0:02:01]} Qc1 {[%clk
0:06:04]} 56. Kxh2 {[%clk 0:00:46]} Qd2 {[%clk 0:05:37]} 57. Rg1+ {[%clk
0:01:02]} Kf4 {[%clk 0:05:04]} 58. Kg2 {[%clk 0:01:01]} g5 {[%clk 0:02:33]} 59.
Bf3 {[%clk 0:00:50]} g4 {[%clk 0:02:55]} 60. Bc6 {[%clk 0:00:59]} Qc3 {[%clk
0:02:50]} 61. Bd5 {[%clk 0:00:49]} Qh3# {[%clk 0:03:10]} 0-1

[Event "Greek Team Championship"]
[Site "chess24.com"]
[Date "2017.07.05"]
[Round "4"]
[White "Fragou, Maria V."]
[Black "Serpetsidaki, Eva"]
[Result "1-0"]
[Board "6"]
[WhiteElo "1395"]
[WhiteCountry "GRE"]
[WhiteFideId "4277988"]
[WhiteEloChange "16"]
[BlackElo "1623"]
[BlackCountry "GRE"]
[BlackFideId "4248902"]
[BlackEloChange "-16"]

1. e4 {[%clk 1:30:52]} c5 {[%clk 1:30:05]} 2. Nf3 {[%clk 1:31:15]} g6 {[%clk
1:29:43]} 3. d4 {[%clk 1:31:37]} cxd4 {[%clk 1:30:09]} 4. Nxd4 {[%clk 1:32:01]}
Nc6 {[%clk 1:30:35]} 5. Nc3 {[%clk 1:32:24]} Bg7 {[%clk 1:30:51]} 6. Nb3 {[%clk
1:32:47]} Nf6 {[%clk 1:22:03]} 7. Be2 {[%clk 1:32:42]} O-O {[%clk 1:22:01]} 8.
O-O {[%clk 1:33:00]} d6 {[%clk 1:21:55]} 9. Bg5 {[%clk 1:32:41]} Be6 {[%clk
1:20:47]} 10. Kh1 {[%clk 1:31:55]} Rc8 {[%clk 1:16:01]} 11. f4 {[%clk 1:25:44]}
Qd7 {[%clk 1:10:44]} 12. Bf3 {[%clk 1:21:45]} Ng4 {[%clk 0:53:48]} 13. Qd2 {[%clk
0:58:53]} Rfe8 {[%clk 0:46:35]} 14. h3 {[%clk 0:51:24]} Nf6 {[%clk 0:45:39]} 15.
Kh2 {[%clk 0:48:15]} Bc4 {[%clk 0:43:44]} 16. Rfd1 {[%clk 0:45:29]} Qe6 {[%clk
0:39:59]} 17. Re1 {[%clk 0:39:55]} Red8 {[%clk 0:33:59]} 18. Nd5 {[%clk 0:36:30]}
Qd7 {[%clk 0:28:09]} 19. c3 {[%clk 0:34:48]} Ne8 {[%clk 0:21:09]} 20. Bg4 {[%clk
0:30:46]} f5 {[%clk 0:17:04]} 21. exf5 {[%clk 0:30:59]} gxf5 {[%clk 0:14:50]} 22.
Nxe7+ {[%clk 0:31:05]} Nxe7 {[%clk 0:15:10]} 23. Rxe7 {[%clk 0:30:44]} Qb5 {[%clk
0:14:47]} 24. Bd1 {[%clk 0:26:31]} Nf6 {[%clk 0:08:44]} 25. Bc2 {[%clk 0:22:42]}
Rd7 {[%clk 0:06:17]} 26. Rxd7 {[%clk 0:22:04]} Qxd7 {[%clk 0:06:36]} 27. Re1
{[%clk 0:20:02]} d5 {[%clk 0:06:21]} 28. Bxf6 {[%clk 0:18:36]} Bxf6 {[%clk
0:06:42]} 29. a3 {[%clk 0:18:30]} Kf7 {[%clk 0:05:56]} 30. Nd4 {[%clk 0:18:23]}
Bxd4 {[%clk 0:04:03]} 31. Qxd4 {[%clk 0:18:40]} Qb5 {[%clk 0:03:14]} 32. Bxf5
{[%clk 0:18:12]} Rf8 {[%clk 0:01:51]} 33. Be6+ {[%clk 0:16:34]} Kg6 {[%clk
0:02:08]} 34. Qe5 {[%clk 0:16:20]} h6 {[%clk 0:01:48]} 35. Re3 {[%clk 0:16:11]}
1-0

[Event "Greek Team Championship"]
[Site "chess24.com"]
[Date "2017.07.05"]
[Round "4"]
[White "Vitsaxaki, Iris"]
[Black "Louka, Marianthi"]
[Result "1/2-1/2"]
[Board "7"]
[WhiteElo "1419"]
[WhiteCountry "GRE"]
[WhiteFideId "4249070"]
[WhiteEloChange "2"]
[BlackElo "1490"]
[BlackCountry "GRE"]
[BlackFideId "4285026"]
[BlackEloChange "-2"]

1. d4 {[%clk 1:30:50]} Nf6 {[%clk 1:30:34]} 2. c4 {[%clk 1:31:13]} e6 {[%clk
1:30:57]} 3. Nc3 {[%clk 1:31:36]} Bb4 {[%clk 1:31:21]} 4. e3 {[%clk 1:32:01]} O-O
{[%clk 1:31:20]} 5. Bd3 {[%clk 1:32:24]} b6 {[%clk 1:31:33]} 6. Ne2 {[%clk
1:32:25]} Bb7 {[%clk 1:31:38]} 7. O-O {[%clk 1:32:35]} Bxc3 {[%clk 1:30:20]} 8.
Nxc3 {[%clk 1:32:34]} d6 {[%clk 1:30:42]} 9. Re1 {[%clk 1:30:07]} Nbd7 {[%clk
1:27:47]} 10. e4 {[%clk 1:26:40]} e5 {[%clk 1:25:32]} 11. d5 {[%clk 1:24:24]} Nc5
{[%clk 1:22:54]} 12. Bc2 {[%clk 1:21:38]} a5 {[%clk 1:22:39]} 13. Na4 {[%clk
1:18:19]} Nfd7 {[%clk 1:19:49]} 14. Qg4 {[%clk 1:16:11]} Qf6 {[%clk 1:12:14]} 15.
Re3 {[%clk 1:03:55]} Qe7 {[%clk 0:57:41]} 16. Rg3 {[%clk 0:52:39]} f6 {[%clk
0:57:53]} 17. Nxc5 {[%clk 0:41:19]} Nxc5 {[%clk 0:47:33]} 18. Qh4 {[%clk
0:40:19]} Rf7 {[%clk 0:32:20]} 19. Be3 {[%clk 0:29:59]} Ba6 {[%clk 0:20:17]} 20.
Bxc5 {[%clk 0:28:53]} bxc5 {[%clk 0:20:14]} 21. b3 {[%clk 0:28:52]} Raf8 {[%clk
0:17:05]} 22. Rf1 {[%clk 0:26:49]} Bc8 {[%clk 0:11:53]} 23. Qh6 {[%clk 0:23:18]}
Kh8 {[%clk 0:08:50]} 24. Qd2 {[%clk 0:23:35]} Bb7 {[%clk 0:07:41]} 25. Re3 {[%clk
0:18:02]} g6 {[%clk 0:03:14]} 26. Bb1 {[%clk 0:17:41]} Ra8 {[%clk 0:03:32]} 27.
Rf3 {[%clk 0:16:14]} Bc8 {[%clk 0:03:23]} 28. h3 {[%clk 0:16:27]} f5 {[%clk
0:02:52]} 29. Kh2 {[%clk 0:15:07]} f4 {[%clk 0:03:02]} 30. g3 {[%clk 0:14:05]} g5
{[%clk 0:01:25]} 1/2-1/2

[Event "Greek Team Championship"]
[Site "chess24.com"]
[Date "2017.07.05"]
[Round "4"]
[White "Beliotis, Georgios"]
[Black "Kadianis, Georgios"]
[Result "1-0"]
[Board "8"]
[WhiteElo "2107"]
[WhiteCountry "GRE"]
[WhiteFideId "4231945"]
[WhiteEloChange "6"]
[BlackElo "1980"]
[BlackCountry "GRE"]
[BlackFideId "4264681"]
[BlackEloChange "-6"]

1. e4 {[%clk 1:27:42]} e5 {[%clk 1:30:54]} 2. Nf3 {[%clk 1:28:06]} Nc6 {[%clk
1:31:19]} 3. Bb5 {[%clk 1:28:30]} a6 {[%clk 1:31:44]} 4. Ba4 {[%clk 1:28:54]} d6
{[%clk 1:32:06]} 5. O-O {[%clk 1:28:31]} g6 {[%clk 1:32:06]} 6. d4 {[%clk
1:26:52]} b5 {[%clk 1:29:02]} 7. Bb3 {[%clk 1:26:58]} Bg7 {[%clk 1:28:06]} 8.
dxe5 {[%clk 1:20:03]} dxe5 {[%clk 1:25:47]} 9. Qe2 {[%clk 1:15:23]} Bg4 {[%clk
1:21:50]} 10. c3 {[%clk 1:15:27]} Nf6 {[%clk 1:21:15]} 11. h3 {[%clk 1:13:33]}
Bd7 {[%clk 1:18:51]} 12. a4 {[%clk 1:11:19]} O-O {[%clk 1:14:32]} 13. Rd1 {[%clk
1:10:48]} Qe7 {[%clk 1:13:09]} 14. Nbd2 {[%clk 1:09:01]} Na5 {[%clk 1:06:41]} 15.
Bc2 {[%clk 1:07:32]} c5 {[%clk 1:05:43]} 16. Nf1 {[%clk 1:03:01]} Bc6 {[%clk
1:04:34]} 17. Bg5 {[%clk 0:59:01]} Qe6 {[%clk 1:01:11]} 18. Bxf6 {[%clk 0:53:03]}
Bxf6 {[%clk 1:00:57]} 19. Ne3 {[%clk 0:53:16]} Rfd8 {[%clk 0:51:29]} 20. Nd2
{[%clk 0:44:07]} c4 {[%clk 0:47:31]} 21. Nd5 {[%clk 0:43:13]} Bxd5 {[%clk
0:41:48]} 22. exd5 {[%clk 0:43:34]} Qe7 {[%clk 0:41:55]} 23. Qe3 {[%clk 0:35:45]}
Rab8 {[%clk 0:31:54]} 24. Ne4 {[%clk 0:30:48]} Bg7 {[%clk 0:24:39]} 25. axb5
{[%clk 0:18:46]} Rxb5 {[%clk 0:24:27]} 26. d6 {[%clk 0:19:03]} Qb7 {[%clk
0:22:16]} 27. Qg5 {[%clk 0:16:52]} Qb8 {[%clk 0:18:41]} 28. d7 {[%clk 0:12:06]}
Rxb2 {[%clk 0:07:20]} 29. Rxa5 {[%clk 0:09:25]} Rxc2 {[%clk 0:07:43]} 30. Rc5
{[%clk 0:09:40]} h6 {[%clk 0:06:46]} 31. Qxd8+ {[%clk 0:09:31]} 1-0

[Event "Greek Team Championship"]
[Site "chess24.com"]
[Date "2017.07.05"]
[Round "4"]
[White "Serpetsidakis, Nikolaos"]
[Black "Liakos, Christos - Konstantinos"]
[Result "1-0"]
[Board "9"]
[WhiteElo "2013"]
[WhiteCountry "GRE"]
[WhiteFideId "4260678"]
[WhiteEloChange "2"]
[BlackElo "1386"]
[BlackCountry "GRE"]
[BlackFideId "4278283"]
[BlackEloChange "-2"]

1. d4 {[%clk 1:29:09]} Nf6 {[%clk 1:30:52]} 2. c4 {[%clk 1:29:28]} e6 {[%clk
1:31:15]} 3. Nc3 {[%clk 1:29:49]} Bb4 {[%clk 1:31:35]} 4. e3 {[%clk 1:30:05]} O-O
{[%clk 1:31:34]} 5. Ne2 {[%clk 1:30:07]} d5 {[%clk 1:27:28]} 6. a3 {[%clk
1:30:23]} Bd6 {[%clk 1:23:10]} 7. Ng3 {[%clk 1:30:19]} b6 {[%clk 1:23:09]} 8. Bd3
{[%clk 1:27:55]} Bb7 {[%clk 1:23:05]} 9. O-O {[%clk 1:25:10]} dxc4 {[%clk
1:17:01]} 10. Bxc4 {[%clk 1:25:33]} c5 {[%clk 1:15:14]} 11. dxc5 {[%clk 1:23:47]}
Bxc5 {[%clk 1:14:59]} 12. Qe2 {[%clk 1:23:57]} a6 {[%clk 1:09:49]} 13. b4 {[%clk
1:15:53]} Be7 {[%clk 1:00:46]} 14. Bb2 {[%clk 1:15:47]} b5 {[%clk 0:52:20]} 15.
Bb3 {[%clk 1:12:59]} Nc6 {[%clk 0:50:59]} 16. f4 {[%clk 1:11:56]} a5 {[%clk
0:38:44]} 17. Nxb5 {[%clk 0:38:45]} axb4 {[%clk 0:38:10]} 18. a4 {[%clk 0:38:29]}
Na5 {[%clk 0:27:24]} 19. Bc2 {[%clk 0:38:25]} b3 {[%clk 0:21:25]} 20. Bd3 {[%clk
0:38:33]} Bc5 {[%clk 0:13:51]} 21. Kh1 {[%clk 0:27:51]} Qe7 {[%clk 0:10:25]} 22.
Bxf6 {[%clk 0:26:08]} Qxf6 {[%clk 0:10:40]} 23. Qh5 {[%clk 0:25:38]} h6 {[%clk
0:07:26]} 24. Qxc5 {[%clk 0:25:55]} b2 {[%clk 0:06:41]} 25. Rab1 {[%clk 0:26:08]}
Rfd8 {[%clk 0:04:55]} 26. Qa3 {[%clk 0:13:44]} Rac8 {[%clk 0:01:23]} 27. Ne2
{[%clk 0:08:32]} Nc4 {[%clk 0:00:48]} 28. Bxc4 {[%clk 0:08:42]} Qg6 {[%clk
0:01:11]} 29. Ng3 {[%clk 0:03:18]} Rd2 {[%clk 0:00:34]} 30. Rxb2 {[%clk 0:03:26]}
Bxg2+ {[%clk 0:00:31]} 31. Kg1 {[%clk 0:03:52]} Rxb2 {[%clk 0:00:45]} 32. Qxb2
{[%clk 0:04:11]} Bxf1 {[%clk 0:00:55]} 33. Bxf1 {[%clk 0:04:35]} Rc2 {[%clk
0:01:20]} 34. Qd4 {[%clk 0:04:44]} 1-0

[Event "Greek Team Championship"]
[Site "chess24.com"]
[Date "2017.07.05"]
[Round "4"]
[White "Athanasopoulos, Theodoros"]
[Black "Papidakis, Georgios"]
[Result "0-1"]
[Board "10"]
[WhiteElo "1297"]
[WhiteCountry "GRE"]
[WhiteFideId "25842722"]
[WhiteEloChange "-3"]
[BlackElo "1635"]
[BlackCountry "GRE"]
[BlackFideId "4295099"]
[BlackEloChange "3"]

1. e4 {[%clk 1:30:35]} c6 {[%clk 1:30:59]} 2. d4 {[%clk 1:30:57]} d5 {[%clk
1:31:25]} 3. Nc3 {[%clk 1:31:23]} a6 {[%clk 1:31:52]} 4. Nf3 {[%clk 1:29:49]} Bg4
{[%clk 1:32:12]} 5. Be2 {[%clk 1:28:50]} e6 {[%clk 1:32:24]} 6. exd5 {[%clk
1:24:56]} cxd5 {[%clk 1:32:41]} 7. O-O {[%clk 1:25:17]} Nf6 {[%clk 1:32:55]} 8.
Re1 {[%clk 1:24:20]} Be7 {[%clk 1:33:02]} 9. Ne5 {[%clk 1:23:12]} Bxe2 {[%clk
1:33:17]} 10. Qxe2 {[%clk 1:19:52]} O-O {[%clk 1:33:09]} 11. Qf3 {[%clk 1:19:59]}
Nbd7 {[%clk 1:31:12]} 12. Qg3 {[%clk 1:20:07]} Re8 {[%clk 1:13:27]} 13. Rf1
{[%clk 1:17:44]} Qb6 {[%clk 1:07:39]} 14. Ne2 {[%clk 1:11:58]} Nxe5 {[%clk
1:04:26]} 15. dxe5 {[%clk 1:09:23]} Ne4 {[%clk 1:04:40]} 16. Qe3 {[%clk 1:02:21]}
Qc7 {[%clk 0:43:07]} 17. f3 {[%clk 0:57:33]} Nc5 {[%clk 0:31:58]} 18. Kh1 {[%clk
0:56:08]} Nd7 {[%clk 0:31:14]} 19. c3 {[%clk 0:53:27]} Qxe5 {[%clk 0:31:12]} 20.
Qxe5 {[%clk 0:53:37]} Nxe5 {[%clk 0:31:12]} 21. f4 {[%clk 0:53:07]} Nd3 {[%clk
0:31:34]} 22. Rf3 {[%clk 0:51:28]} Nc5 {[%clk 0:31:02]} 23. Nd4 {[%clk 0:50:06]}
Bf6 {[%clk 0:30:27]} 24. Bd2 {[%clk 0:47:56]} Ne4 {[%clk 0:29:13]} 25. Be3 {[%clk
0:47:37]} Rac8 {[%clk 0:27:50]} 26. Re1 {[%clk 0:44:00]} Rc7 {[%clk 0:20:57]} 27.
g4 {[%clk 0:41:38]} Rec8 {[%clk 0:19:01]} 28. Kg2 {[%clk 0:40:08]} b5 {[%clk
0:18:12]} 29. f5 {[%clk 0:39:30]} e5 {[%clk 0:17:19]} 30. Ne2 {[%clk 0:38:54]} b4
{[%clk 0:14:25]} 31. Bb6 {[%clk 0:38:56]} Rc6 {[%clk 0:14:30]} 32. Ba5 {[%clk
0:39:17]} bxc3 {[%clk 0:13:42]} 33. bxc3 {[%clk 0:39:34]} Rb8 {[%clk 0:06:47]}
34. Rd1 {[%clk 0:39:25]} Rb2 {[%clk 0:06:27]} 35. Kf1 {[%clk 0:39:15]} Nd2+
{[%clk 0:06:27]} 0-1

[Event "Greek Team Championship"]
[Site "chess24.com"]
[Date "2017.07.05"]
[Round "4"]
[White "Sadzikowski, Daniel"]
[Black "Parligras, Mircea-Emilian"]
[Result "1/2-1/2"]
[Board "1"]
[WhiteElo "2559"]
[WhiteTitle "IM"]
[WhiteCountry "POL"]
[WhiteFideId "1132253"]
[WhiteEloChange "1"]
[BlackElo "2612"]
[BlackTitle "GM"]
[BlackCountry "ROU"]
[BlackFideId "1204297"]
[BlackEloChange "-1"]

1. e4 {[%clk 1:30:56]} e5 {[%clk 1:30:53]} 2. Nf3 {[%clk 1:31:21]} Nc6 {[%clk
1:31:17]} 3. Bc4 {[%clk 1:31:45]} Bc5 {[%clk 1:31:41]} 4. O-O {[%clk 1:32:08]}
Nf6 {[%clk 1:32:01]} 5. d3 {[%clk 1:32:33]} O-O {[%clk 1:32:07]} 6. h3 {[%clk
1:32:21]} d6 {[%clk 1:30:59]} 7. c3 {[%clk 1:32:04]} a6 {[%clk 1:31:04]} 8. a4
{[%clk 1:32:08]} Ba7 {[%clk 1:31:01]} 9. Re1 {[%clk 1:31:26]} Ne7 {[%clk
1:30:52]} 10. d4 {[%clk 1:23:19]} Ng6 {[%clk 1:27:31]} 11. Nbd2 {[%clk 1:13:45]}
c6 {[%clk 1:26:09]} 12. Bf1 {[%clk 1:13:19]} Re8 {[%clk 1:21:48]} 13. Qc2 {[%clk
1:12:09]} h6 {[%clk 1:12:13]} 14. a5 {[%clk 1:12:24]} Be6 {[%clk 1:06:11]} 15.
dxe5 {[%clk 1:05:16]} dxe5 {[%clk 1:05:59]} 16. Nc4 {[%clk 1:04:57]} Qc7 {[%clk
1:06:06]} 17. g3 {[%clk 1:03:22]} Rad8 {[%clk 1:02:50]} 18. Be3 {[%clk 0:59:21]}
Bxe3 {[%clk 1:02:35]} 19. Nxe3 {[%clk 0:59:02]} Nh7 {[%clk 0:58:51]} 20. Kh2
{[%clk 0:48:53]} Ng5 {[%clk 0:58:17]} 21. Nxg5 {[%clk 0:49:10]} hxg5 {[%clk
0:58:43]} 22. Be2 {[%clk 0:41:24]} Rd7 {[%clk 0:48:53]} 23. Bg4 {[%clk 0:38:49]}
Nf8 {[%clk 0:45:28]} 24. Red1 {[%clk 0:34:20]} Red8 {[%clk 0:41:51]} 25. Rxd7
{[%clk 0:32:57]} Rxd7 {[%clk 0:42:08]} 26. Bxe6 {[%clk 0:30:36]} Nxe6 {[%clk
0:41:02]} 27. Nc4 {[%clk 0:30:48]} f6 {[%clk 0:37:35]} 28. Rd1 {[%clk 0:21:16]}
Nc5 {[%clk 0:33:53]} 29. b4 {[%clk 0:18:15]} Ne6 {[%clk 0:32:18]} 30. Nb6 {[%clk
0:17:50]} Rd8 {[%clk 0:30:57]} 31. Kg2 {[%clk 0:10:39]} Kf7 {[%clk 0:30:54]}
1/2-1/2

[Event "Greek Team Championship"]
[Site "chess24.com"]
[Date "2017.07.05"]
[Round "4"]
[White "Galopoulos, Nikolaos"]
[Black "Barski, Radoslaw"]
[Result "0-1"]
[Board "2"]
[WhiteElo "2369"]
[WhiteCountry "GRE"]
[WhiteFideId "4208951"]
[WhiteEloChange "-9"]
[BlackElo "2411"]
[BlackCountry "POL"]
[BlackFideId "1131710"]
[BlackEloChange "4"]

1. d4 {[%clk 1:30:58]} Nf6 {[%clk 1:30:39]} 2. c4 {[%clk 1:31:26]} g6 {[%clk
1:31:00]} 3. Nc3 {[%clk 1:31:38]} Bg7 {[%clk 1:31:23]} 4. e4 {[%clk 1:28:46]} d6
{[%clk 1:31:47]} 5. f3 {[%clk 1:29:15]} O-O {[%clk 1:32:06]} 6. Be3 {[%clk
1:29:43]} c6 {[%clk 1:32:24]} 7. Nge2 {[%clk 1:29:21]} a6 {[%clk 1:32:46]} 8. c5
{[%clk 1:29:44]} b5 {[%clk 1:33:10]} 9. cxb6 {[%clk 1:30:10]} Nbd7 {[%clk
1:33:28]} 10. Ng3 {[%clk 1:29:50]} Nxb6 {[%clk 1:33:21]} 11. Be2 {[%clk 1:29:58]}
a5 {[%clk 1:32:47]} 12. O-O {[%clk 1:29:34]} a4 {[%clk 1:31:56]} 13. b3 {[%clk
1:24:47]} Ba6 {[%clk 1:21:36]} 14. Nxa4 {[%clk 1:22:01]} Nxa4 {[%clk 1:21:50]}
15. bxa4 {[%clk 1:22:25]} Bxe2 {[%clk 1:22:07]} 16. Nxe2 {[%clk 1:22:48]} Qa5
{[%clk 1:22:31]} 17. Qc2 {[%clk 1:21:41]} Rfc8 {[%clk 1:20:49]} 18. Rfc1 {[%clk
1:20:11]} Nd7 {[%clk 1:19:34]} 19. Rab1 {[%clk 1:20:19]} Nb6 {[%clk 1:14:49]} 20.
Qb3 {[%clk 1:07:33]} Nxa4 {[%clk 1:13:20]} 21. Qb7 {[%clk 1:07:59]} Qa6 {[%clk
0:53:29]} 22. Qxa6 {[%clk 1:03:22]} Rxa6 {[%clk 0:53:47]} 23. Rb7 {[%clk
1:02:33]} e6 {[%clk 0:52:49]} 24. Rc2 {[%clk 0:48:24]} d5 {[%clk 0:45:03]} 25.
Nc1 {[%clk 0:43:52]} Nb6 {[%clk 0:41:38]} 26. Nb3 {[%clk 0:32:51]} Nc4 {[%clk
0:40:16]} 27. Bf4 {[%clk 0:31:29]} h6 {[%clk 0:32:49]} 28. Bb8 {[%clk 0:24:47]}
Na5 {[%clk 0:25:39]} 29. Rb4 {[%clk 0:20:52]} Nxb3 {[%clk 0:25:50]} 30. axb3
{[%clk 0:21:17]} Bxd4+ {[%clk 0:26:05]} 31. Kf1 {[%clk 0:21:46]} dxe4 {[%clk
0:18:26]} 32. Bg3 {[%clk 0:12:05]} Ra1+ {[%clk 0:15:38]} 33. Be1 {[%clk 0:12:31]}
e5 {[%clk 0:13:38]} 34. fxe4 {[%clk 0:13:00]} c5 {[%clk 0:13:28]} 35. Ke2 {[%clk
0:10:28]} Rca8 {[%clk 0:12:09]} 36. Rb7 {[%clk 0:08:47]} R8a2 {[%clk 0:10:52]}
37. Rxa2 {[%clk 0:09:16]} Rxa2+ {[%clk 0:11:18]} 38. Kf3 {[%clk 0:09:42]} Rb2
{[%clk 0:10:48]} 39. Rb5 {[%clk 0:01:00]} Kg7 {[%clk 0:09:18]} 40. h3 {[%clk
0:31:01]} g5 {[%clk 0:37:24]} 41. h4 {[%clk 0:26:48]} Kg6 {[%clk 0:13:55]} 42.
Rb6+ {[%clk 0:09:26]} f6 {[%clk 0:13:45]} 43. hxg5 {[%clk 0:07:38]} hxg5 {[%clk
0:13:39]} 44. Rb5 {[%clk 0:07:24]} Kh5 {[%clk 0:12:27]} 45. Rb8 {[%clk 0:03:54]}
g4+ {[%clk 0:10:09]} 46. Kg3 {[%clk 0:04:23]} Re2 {[%clk 0:10:29]} 0-1